| Tag |
First Indicator |
Second Indicator |
Subfields |
| LEADER |
00000cam a2200000 a 4500 |
| 001 |
in00000499607 |
| 005 |
20151013064458.0 |
| 008 |
790329s1932 mauabfh b 00010 engm |
| 010 |
|
|
|a 32006555
|
| 035 |
|
|
|a (OCoLC)04794935
|
| 035 |
|
|
|9 ACD6904AM
|
| 040 |
|
|
|a DLC
|c KEU
|d OCL
|d TXA
|d UtOrBLW
|
| 043 |
|
|
|a n-us-ca
|
| 049 |
|
|
|a TXAM
|c [271565]
|
| 050 |
|
0 |
|a F865
|b .B54
|
| 082 |
0 |
|
|a 979.4
|
| 100 |
1 |
|
|a Berthold, Victor M.
|q (Victor Maximilian),
|d 1856-1932.
|
| 245 |
1 |
4 |
|a The pioneer steamer California, 1848-1849 /
|c by Victor M. Berthold.
|
| 264 |
|
1 |
|a Boston :
|b Houghton Mifflin Co.,
|c 1932.
|
| 300 |
|
|
|a x, 106 pages, 6 unnumbered leaves of plates :
|b illustrations, maps, facsimiles ;
|c 25 cm.
|
| 336 |
|
|
|a text
|b txt
|2 rdacontent
|
| 337 |
|
|
|a unmediated
|b n
|2 rdamedia
|
| 338 |
|
|
|a volume
|b nc
|2 rdacarrier
|
| 500 |
|
|
|a "This edition is limited to five hundred and fifty copies of which five hundred are for sale."
|
| 500 |
|
|
|a "The first of the U. S. Pacific mail steamships."
|
| 500 |
|
|
|a Appendix A: "Revised DeLancy passenger list of the California": pages [75]-89.
|
| 504 |
|
|
|a "Sources of information": pages [8]-10.
|
| 610 |
2 |
0 |
|a Pacific Mail Steamship Company.
|
| 610 |
2 |
0 |
|a California (Steamship)
|
| 650 |
|
0 |
|a Voyages to the Pacific coast.
|
| 650 |
|
0 |
|a Pioneers
|z California.
|
| 651 |
|
0 |
|a California
|x Gold discoveries.
|
| 999 |
|
|
|a MARS
|
| 999 |
f |
f |
|s d6c7a0c9-0b24-30d0-9dae-ed38c017e82f
|i b6271ca9-3144-33f4-a368-17717f1dbc8d
|t 0
|
| 952 |
f |
f |
|p ric
|a Texas A&M University
|b Rellis Campus
|c Joint Library Facility
|d Remote Storage
|t 0
|e F865 .B54
|h Library of Congress classification
|i unmediated -- volume
|m A14807664284
|
| 998 |
f |
f |
|a F865 .B54
|t 0
|l Remote Storage
|